000 00889nam a22002177a 4500
999 _c2459
_d2459
001 2459
003 BD-JhCC
005 20171106123932.0
008 171102s1972 ii |||| ||a| 000 0 ben d
035 _a(BD-JhCC)2459
040 _aBD-JhCC
_dBD-JhCC
041 _aben
082 _a891.4409
_bCHA 1972
100 _aচট্টোপাধ্যায়, শ্রীপ্রভাতকুমার
245 _aআঞ্চলিক সোভিয়েট সাহিত্যের আদিপর্ব /
_cশ্রীপ্রভাতকুমার চট্টোপাধ্যায়, নরেন্দ্রনাথ ভট্টাচার্য
260 _aকলিকাতা ;
_bফার্মা কে. এল. মুখোপাধ্যায়,
_c1972
300 _a136 p. :
_c22 cm.
650 _aLiturature
942 _2ddc
_cBK